00795cam a2200217 a 450000500170000000800410001701000150005802000260007303500130009903700130011204000130012510000210013824501520015926000380031127000420034930000400039165000030043170000210043485600650045585600570052020031230185550.0940308s1993 enkab b 001 0 eng  aENG-101580 a9788125039914c195.00 aEN-85113 bDBAD/PUB adplbEng1 aGhose, Durgabati10aThe westward traveller/cby Durgabati Ghose ; translated from the original Bengali Paschimjatriki by Somdatta Mandal with a foreword by Ashis Nandy aNew DelhibOrient Blackswanc2010 a1/24 Asaf Ali RoadbNew Delhie110002 axxiv, 104p.:c22cm (pbk)bill, maps 0 aMandal, Somdatta42uhttp://www.loc.gov/catdir/description/texas041/93060588.html41uhttp://www.loc.gov/catdir/toc/texas041/93060588.html